| 000 | 00669nam a2200241Ia 4500 | ||
|---|---|---|---|
| 003 | OSt | ||
| 005 | 20220924120133.0 | ||
| 006 | a|||||r|||| 00| 0 | ||
| 007 | ta | ||
| 008 | 220923b |||||||| |||| 00| 0 urd d | ||
| 020 | _c15 | ||
| 024 | _a323208 | ||
| 037 | _cTextual | ||
| 040 |
_aARTS _cARTS _burd |
||
| 041 |
_2urd _aurd |
||
| 082 | _aV252,21wM64, 168J0 | ||
| 245 | 0 | _aMaharaja Kishan Parshad ki zindagi ke halaat | |
| 260 |
_aDelhi _bKutub khana anjuman taraqqi Urdu India _c1950 |
||
| 300 |
_a412p. _ccm. |
||
| 650 |
_aUTTAR PRADESH - HISTORY _9180918 |
||
| 942 |
_hV252,21wM64, 168J0 _cTEXL _2CC |
||
| 999 |
_c401400 _d401400 |
||